| 000 | 00444nam a2200181Ia 4500 | ||
|---|---|---|---|
| 001 | 1577 | ||
| 005 | 20260306143738.0 | ||
| 008 | 260306t2014||||xx |||||||||||||| ||spa|| | ||
| 041 | _aESP | ||
| 082 |
_a152.4 _bE14 |
||
| 100 |
_aEcharte, Luis E. _eAUT |
||
| 245 | 0 | _aHábitos emocionales en torno a la salud y la belleza | |
| 260 | _c2014 | ||
| 300 |
_a273 páginas : _c21 cm. |
||
| 650 | _aGEN | ||
| 654 | _aCPS | ||
| 942 |
_cLIB _dJUS _fJUS _2ddc _n |
||
| 999 |
_c1577 _d1577 |
||